| 000 | 00909nam0a22002171i 4500 | ||
|---|---|---|---|
| 001 | rc\509778 | ||
| 005 | 20240723121538.0 | ||
| 035 | _a(NLR Aleph) 005749931 | ||
| 090 |
_a4828852 _c4828852 |
||
| 100 | _a20030616d1987 u |0rusy50 ca | ||
| 101 | 0 | _arus | |
| 102 | _aRU | ||
| 105 | _ay ||||||||| | ||
| 200 | 1 |
_aСемантико-функциональные особенности глаголов со значением начинательности _e(На материале рус. и нем. яз.) _eАвтореф. дис. на соиск. учен. степ. канд. филол. наук _e(10.02.19) _fСарат. гос. ун-т им. Н.Г. Чернышевского |
|
| 210 |
_aСаратов _d1987 |
||
| 215 | _a18 с. | ||
| 700 | 1 |
_aШиханова _bЛ.И. _gЛюдмила Ивановна |
|
| 801 | 0 |
_aRU _bNLR _gpsbo |
|
| 801 | 1 |
_aRU _bELAR _2rusmarc |
|
| 852 |
_aNLR _jА87/18188 |
||
| 942 | _cBOOK | ||